| 000 | 00785nam a22002177a 4500 | ||
|---|---|---|---|
| 005 | 20160517105647.0 | ||
| 008 | 160517b sp||||| |||| 00| 0 spa d | ||
| 020 | _a8423127591 | ||
| 050 | 0 | 4 |
_aPQ6559.R2 _bA38 1986 |
| 245 | 0 | 0 |
_aAgua, azucarillos y aguardiente : _bPasillo veraniego en un acto / _clibreto de Miguel Ramos Carrión ; musica Federico Chueca : Estudio y comentarios de Roger Alier. |
| 250 | _a1a ed. | ||
| 260 |
_aMadrid : _bEdiciónes Daimon, _c1986 |
||
| 300 |
_a91 p. : _bil. ; _c19 cm. |
||
| 440 | 0 | _aIntroducción al Mundo de la Zarzuela | |
| 504 | _aIncluye discografía e índice | ||
| 650 | 4 |
_aZarzuela _xTeatro |
|
| 700 | 1 |
_aRamos Carrion, Miguel, _qlibreto |
|
| 700 | 1 |
_aChueca, Federico, _qmus. |
|
| 700 | 1 |
_aAlier, Roger, _qest. |
|
| 942 |
_2lcc _cLIB |
||
| 999 |
_c116758 _d116758 |
||